书目信息 |
| 题名: |
婚姻仪礼变迁与社会网络重建
|
|
| 作者: | 吉国秀 著 | |
| 分册: | ||
| 出版信息: | 北京 中国社会科学出版社 2005 |
|
| 页数: | 280页 | |
| 开本: | 21cm | |
| 丛书名: | 中国社会科学博士论文文库 | |
| 单 册: | ||
| 中图分类: | K892.22 | |
| 科图分类: | ||
| 主题词: | 风俗习惯史 , 婚姻--风俗习惯史--研究--清原县 | |
| 电子资源: | ||
| ISBN: | 7-5004-5178-4 | |
| 000 | 01327nam0 2200337 450 | |
| 000 | 01290nam0 2200325 450 | |
| 000 | 01288nam0 2200337 450 | |
| 000 | 01234nam0 2200313 450 | |
| 000 | 01263nam0 2200301 450 | |
| 000 | 01226nam0 2200289 45 | |
| 001 | 002995305 | |
| 005 | 20070106160902.51 | |
| 010 | @a7-5004-5178-4@dCNY22.00 | |
| 100 | @a20060829d2005 kemy0chiy0110 ea | |
| 101 | 0 | @achi |
| 102 | @aCN@b110000 | |
| 105 | @aab z 000yy | |
| 200 | 1 | @a婚姻仪礼变迁与社会网络重建@AHun Yin Yi Li Bian Qian Yu She Hui Wang Luo Zhong Jian@e以辽宁省东部山区清原镇为个案@EYi Liao Ning Sheng Dong Bu Shan Qu Qing Yuan Zhen Wei Ge An@f吉国秀著@FJi Guo Xiu Zhu |
| 210 | @a北京@c中国社会科学出版社@d2005 | |
| 215 | @a280页@c图,地图@d21cm | |
| 225 | 2 | @a中国社会科学博士论文文库 |
| 330 | @a作者以辽宁省东部山区清原镇为个案,综合运用民俗学、人类学与社会学等相关理论与方法,延展了传统民俗学意义上的婚姻仪礼范畴,探讨了婚姻仪礼的变迁及其功能转换。 | |
| 410 | 0 | @12001 @a中国社会科学博士论文文库 |
| 606 | 0 | @a风俗习惯史 |
| 606 | 0 | @a婚姻@x风俗习惯史@x研究@y清原县 |
| 690 | @aK892.22@v4 | |
| 701 | 0 | @a吉国秀@AJi Guo Xiu@4著 |
| 801 | 0 | @aCN@b中图数据@c20070106 |
| 905 | @a10447@dK892.22@e136 | |
| 婚姻仪礼变迁与社会网络重建:以辽宁省东部山区清原镇为个案/吉国秀著.-北京:中国社会科学出版社,2005 |
| 280页:图,地图;21cm.-(中国社会科学博士论文文库) |
| ISBN 7-5004-5178-4:CNY22.00 |
| 作者以辽宁省东部山区清原镇为个案,综合运用民俗学、人类学与社会学等相关理论与方法,延展了传统民俗学意义上的婚姻仪礼范畴,探讨了婚姻仪礼的变迁及其功能转换。 |
| ● |
| 相关链接 |
|
|
|
|
正题名:婚姻仪礼变迁与社会网络重建
索取号:K892.22/136
 
预约/预借
| 序号 | 登录号 | 条形码 | 馆藏地/架位号 | 状态 | 备注 |
| 1 | 0606066 | 206060661 | 第二样本阅览室/ [索取号:K892.22/136] | 在馆 | |
| 2 | 0606067 | 206060670 | 第二借阅区/ [索取号:K892.22/136] | 在馆 | |
| 3 | 0606068 | 206060689 | 第二借阅区/ [索取号:K892.22/136] | 在馆 | |
| 4 | 0606069 | 206060698 | 第二借阅区/ [索取号:K892.22/136] | 在馆 | |
| 5 | 0606070 | 206060705 | 第二借阅区/ [索取号:K892.22/136] | 在馆 | |
| 6 | 0606071 | 206060714 | 第二借阅区/ [索取号:K892.22/136] | 在馆 |